Statistics for Shelli’s Barista Quiz

Click here to take the quiz!

General Stats

  • This quiz has been taken 2 times
  • The average score is 6 of 18

Answer Stats

QuestionAnswer% Correct
How many OUNCES of ROB beans are used for drip?8
100%
How much milk is in a blender?180g
50%
How much does it cost to add grilled chicken to a salad?3.00
50%
What is the title of the recipe chest behind the syrups?Bar Assist
50%
Who provides the cinnamon scones?BrassHorn
50%
What gas do the soda chargers contain?Co2
50%
The brand of espresso machine used?La Marzocco
50%
What consignment partner sells candles?Lona De Vie
50%
What gas do the whipped cream chargers contain?Nitrous Oxide
50%
What is our Wi-Fi passcode?Shelliscoffeesocial
50%
Are the 1883 Syrups Vegan? (Yes or no)Yes
50%
How many Hot air balloons are on the walls?23
0%
What is the capacity of our bar scales?400g x 0.5g
0%
What is the max temperature of the panini press?570
0%
What is Shelli’s phone number? (xxx-xxx-xxxx)615-624-6742
0%
What brand of water filter hangs next to the fridge?BWT
0%
What drinkable liquid behind the bar contains phosphorus?Oat Milk
0%
What is the brand of pesto used?Roland
0%

Score Distribution

Percentile by Number Answered

Percent of People with Each Score

Your Score History

You have not taken this quiz